Statistics for Countries with Less than 100,000 People

Click here to take the quiz!

General Stats

  • This quiz has been taken 51 times
  • The average score is 11 of 13

Answer Stats

PopulationAnswer% Correct
33,500San Marino
100%
800Vatican City
100%
76,500Andorra
96%
38,380Liechtenstein
94%
12,000Tuvalu
94%
38,300Monaco
90%
55,500Marshall Islands
88%
12,000Nauru
88%
17,661Palau
84%
53,000Saint Kitts and Nevis
82%
96,453Antigua and Barbuda
78%
97,625Seychelles
72%
74,000Dominica
70%

Score Distribution

Percentile by Number Answered

Percent of People with Each Score

Your Score History

You have not taken this quiz